Adivina la asignatura según la ropa del profesor - Estadísticas

Estadísticas generales
  • Esta prueba ha sido intentada 342 veces
  • La puntuación promedio es 5 de 12
Estadísticas de respuestas
Imagen Respuesta % Correcto
Matemáticas
88%
Educación Física
83%
Inglés
78%
Lengua y literatura
70%
Filosofía
45%
Geografía e Historia
38%
Economía
32%
Biología
29%
Física y Química
25%
Religión
24%
Música
22%
Valenciano
8%
No se encontraron pruebas coincidentes
Distribución de puntuación
Porcentaje de gente con cada puntuación
Porcentaje por número respondido
Historial de tus puntuaciones
No has intentado esta prueba.